00988nam a2200217 a 450000100060000000300080000600500170001400800410003103500190007204000320009104100080012308200240013111001340015524502140028926000430050330000210054665000370056794200120060499900170061695201370063351406BD-RjUL20211209075644.0160830s1944 xxk 000 0 eng  a(BD-RjUL)51526 aDLCcDLCdDLCdBD-RjULbeng aeng 223a371.1bTEA 19441 aGt. Brit.bBoard of education.cCommittee to consider the supply, recruitment and training of teachers and youth leaders.915377310aTeachers and youth leaders : breport of the committee appointed by the president of the Board of education to consider the supply, recruitment and training of teachers and youth leaders /cBoard of education. aLondon :bH. M. Stationery off.,c1944 a176 p. ;c25 cm. aTeacherszGreat Britain.9144569 2ddccBK c51406d51406 00102ddc40708NFICaRUCLbRUCLcStackd1962-01-31eA.I.Qurishig2.00l0o371.1 TEA 1944r2016-08-30 00:00:00tC-2w2016-08-30yBK